000 00428nam a22001577a 4500
003 OSt
005 20211115085717.0
008 211115b |||||||| |||| 00| 0 eng d
020 _a978-0-85404-340-8
040 _cHawassa University
050 _a641.3/MAG
_b2
082 _a641.3/MAG
_b2
245 _aMagnrtic Resonance in Food Science From Molecules to Man
260 _aLondon
_bRSC Publishing
_c2007
942 _2ddc
_cBOOKS
_n0
999 _c18094
_d18094